Vybrané problémy používania komunikačných nástrojov vnútropodnikovej komunikácie

Uložené v:
Podrobná bibliografia
Hlavný autor: Marhefková, Martina
Médium: Kapitola
Jazyk:Slovak
Tagy: Pridať tag
Žiadne tagy, Buďte prvý, kto otaguje tento záznam!

MARC

LEADER 00000naa$a2200000$$$4500
001 0062452
005 20240502071714.6
041 0 |a slo 
044 |a SK 
245 1 0 |a Vybrané problémy používania komunikačných nástrojov vnútropodnikovej komunikácie  |c Martina Marhefková 
100 1 |a Marhefková, Martina